Thine is the power /

Saved in:
Bibliographic Details
Main Author: Doner, Mary Frances
Format: Book
Language:English
Published: New York : Airmount Publishing Co., 1976.
Series:Airmont romance
LEADER 00734nam a2200205 a 4500
001 c000262647
003 CARM
005 20070618100130.0
008 070618s1976 nyu 000 1 eng d
019 1 |a 50071326  |5 LACONCORD2021 
035 |a (OCoLC)46736249  |5 LACONCORD2021 
040 |a VCAV  |b eng  |c VCAV 
100 1 |a Doner, Mary Frances. 
245 1 0 |a Thine is the power /  |c Mary Frances Doner. 
260 |a New York :  |b Airmount Publishing Co.,  |c 1976. 
300 |a 176 p. 
490 0 |a Airmont romance 
852 8 |b CARM  |h A1:AO16A0  |i A04362  |p 0380296  |f BK 
999 f f |i e7469171-b47a-5097-8572-45b4f27975ff  |s 52da2be5-bbc3-5c99-a2a1-2c45de616dfb 
952 f f |p Can circulate  |a CAVAL  |b CAVAL  |c CAVAL  |d CARM 1 Store  |e A04362  |f A1:AO16A0  |h Other scheme  |i book  |m 0380296